000 00634nam a22002297a 4500
003 UA-OsUOA
001 61877
007 ta
008 20090717b un ||||| |||| 00| 0 ukr d
090 _a101 (075.8)
_bФ 56
942 _cBK
040 _aUA-OsUOA
_bukr
_cUA-OsUOA
_dUA-OsUOA
245 _aФілософія
_bПідручник
_cЗа ред. О.П. Сидоренка
300 _a891 с.
955 _a2
041 _aukr
080 _a101 (075.8)
020 _a978-966-346-559-3
260 _aДніпропетровськ
_bЗнання
_c2009
650 7 _a1 Філософські науки
_2UDC
999 _c347852
_d347852